000 01375nam a22002295i 4500
001 151596
003 ES-MaACL
005 20250809012358.0
008 040831s1863 be |||| | fre d
040 _aCAM
_bspa
_cCAM
110 2 _aAssociation Internationale pour la Réforme Douanière (Bruselas)
_9134149
245 1 0 _aAssociation internationale pour la réforme douanière
_b: première publication de 1863.
260 _aBruxelles :
_bOffice de publicité,
_c1863 (
_fImp. de Ch. Lelong)
300 _a41, [1] p. ;
_c25 cm.
505 8 _aContiene : Circulaire du Comité central siégeant à Bruxelles ; Compte rendu de l'assemblée générale tenue à Bruxelles le 25 septembre 1862 ; Des moyens pratiques de supprimes la douane en Belgique / Léon Vercken ; Sur la suppresion de la douane en Belgique / Al. Joffroy ; Esquisse d'un projet pratique de taxation ; Proposition de mettre l'abolition radicale des douanes à l'ordre du jour du prochain congrès de l'Association internationale pour le progrès des sciences sociales
650 0 7 _aAduanas
_2embne
_9135506
710 2 1 _aAssociation internationale pour le progrès des sciences sociales.
_9134153
752 _aBélgica -
_cBruselas
852 _aES-MaACL
_jT-1283-F-12
_z-- Enc. hol., conservando la cub. original
_z-- Enc. en un vol. facticio
942 _2udc
999 _c151596
_d151596